<The> Managerial Grid Key Orientations for Achieving Production Through People

Na minha lista:
Detalhes bibliográficos
Autor principal: Blake, Robert R.
Outros Autores: Mouton, Jane S.
Formato: Livro
Idioma:inglês
Publicado em: Houston Gulf Publ. Co. 1964
Edição:1. ed.
Assuntos:
Tags: Adicionar Tag
Sem tags, seja o primeiro a adicionar uma tag!

MARC

LEADER 00000nam a2200000 4500
001 c002034
005 20221220103254.5
041 0 |a eng 
044 |a US 
245 1 0 |a <The> Managerial Grid  |b Key Orientations for Achieving Production Through People  |c Robert R. Blake, Jane S. Mouton 
250 |a 1. ed. 
264 1 |a Houston  |b Gulf Publ. Co.  |c 1964 
300 |a 340 s. 
610 2 0 |a práca riadiaca 
610 2 0 |a manažment 
610 2 0 |a práca s ľuďmi 
610 2 0 |a štýl pracovný 
610 2 0 |a konflikty 
610 2 0 |a správanie 
610 2 0 |a metódy riadenia 
610 2 0 |a vzťahy medziľudské 
610 2 0 |a kontrola 
100 1 |a Blake, Robert R. 
700 1 |a Mouton, Jane S.